<?xml version="1.0" encoding="UTF-8"?>
<collection xmlns="http://www.loc.gov/MARC21/slim">
 <record>
  <leader>03230nam a22002531a 4500</leader>
  <controlfield tag="001">1/27666</controlfield>
  <controlfield tag="008">      s2002    lu     f      00010 gre d</controlfield>
  <datafield tag="022" ind1="0" ind2=" ">
   <subfield code="a">0254-1483</subfield>
  </datafield>
  <datafield tag="022" ind1="0" ind2=" ">
   <subfield code="a">0254-1475</subfield>
  </datafield>
  <datafield tag="028" ind1="3" ind2="1">
   <subfield code="a">KT-CO-02-672-GR-C</subfield>
  </datafield>
  <datafield tag="028" ind1="3" ind2="1">
   <subfield code="a">KT-CO-02-672-EN-C</subfield>
  </datafield>
  <datafield tag="028" ind1="3" ind2="1">
   <subfield code="a">2002/0277 (ACC)</subfield>
  </datafield>
  <datafield tag="035" ind1=" " ind2=" ">
   <subfield code="l">29527</subfield>
  </datafield>
  <datafield tag="040" ind1=" " ind2=" ">
   <subfield code="a">GR-PeUP</subfield>
  </datafield>
  <datafield tag="084" ind1=" " ind2=" ">
   <subfield code="2">KET</subfield>
   <subfield code="a">COM (2002) 666 τελικό</subfield>
  </datafield>
  <datafield tag="110" ind1="2" ind2=" ">
   <subfield code="a">Επιτροπή των Ευρωπαϊκών Κοινοτήτων.</subfield>
  </datafield>
  <datafield tag="245" ind1="1" ind2="0">
   <subfield code="a">Πρόταση απόφαση του Συμβουλίου σχετικά με τη θέση που πρόκειται να λάβει η Κοινότητα στο πλαίσιο του συμβουλίου σύνδεσης ΕΕ- Δημοκρατίας της Σλοβακίας, που συστάθηκε με την ευρωπαϊκή συμφωνία μεταξύ των Ευρωπαϊκών Κοινοτήτων και των κρατών μελών τους, αφενός, και της Δημοκρατίας της Σλοβακίας, αφετέρου, η οποία τέθηκε σε ισχύ την 1η Φεβρουαρίου 1995, όσον αφορά την παράταση ισχύος του συστήματος διπλού ελέγχου για το χρονικό διάστημα από την έναρξη ισχύος της απόφασης του συμβουλίου σύνδεσης έως την ημερομηνία προσχώρησης της Δημοκρατίας της Σλοβακίας στην Ευρωπαϊκή Ένωση, για την εξαγωγή ορισμένων προΪόντων χάλυβα από την Δημοκρατία της Σλοβακίας προς την Κοινότητα:</subfield>
   <subfield code="b">υποβληθείσα από την Επιτροπή /</subfield>
   <subfield code="c">Επιτροπή των Ευρωπαϊκών Κοινοτήτων</subfield>
  </datafield>
  <datafield tag="246" ind1="1" ind2="0">
   <subfield code="a">Proposal for a Council decision on the position to be taken by the Community within the EU-Slovak Republic Association Council established by the Europe Agreement between European Communities and their Member States, of the one part, and the Slovak Republic, of the other part, which entered into force on 1 February 1995, extending the double-checking system for the period from the date of entry into force of the Decision of the Association Council up to the date of accession by the Slovak Republic to the European Union, concerning the export of certain steel products from the Slovak Republic to the Community:</subfield>
   <subfield code="b">presented by the Commission</subfield>
  </datafield>
  <datafield tag="260" ind1="0" ind2=" ">
   <subfield code="a">Βρυξέλλες, Λουξεμβούργο:</subfield>
   <subfield code="b">Υπηρεσία Επισήμων Εκδόσεων των Ευρωπαϊκών Κοινοτήτων,</subfield>
   <subfield code="c">2.12.2002</subfield>
  </datafield>
  <datafield tag="300" ind1=" " ind2=" ">
   <subfield code="a">8 σελ.</subfield>
  </datafield>
  <datafield tag="500" ind1=" " ind2=" ">
   <subfield code="a">Δίγλωσσο</subfield>
  </datafield>
  <datafield tag="852" ind1=" " ind2=" ">
   <subfield code="a">INST</subfield>
   <subfield code="b">UNIPILB</subfield>
   <subfield code="c">KET</subfield>
   <subfield code="e">20050829</subfield>
   <subfield code="h">KET  COM (2002) 666 τελικό</subfield>
   <subfield code="p">COM (2002) 666</subfield>
   <subfield code="q">COM (2002) 666</subfield>
   <subfield code="t">NOLOAN</subfield>
   <subfield code="y">23</subfield>
   <subfield code="4">1</subfield>
  </datafield>
  <datafield tag="856" ind1="7" ind2="8">
   <subfield code="u">https://eur-lex.europa.eu/legal-content/EL/TXT/PDF/?uri=CELEX:52002PC0666&amp;qid=1551768879086&amp;from=EL</subfield>
  </datafield>
  <datafield tag="856" ind1="7" ind2="8">
   <subfield code="u">https://eur-lex.europa.eu/legal-content/EN/TXT/PDF/?uri=CELEX:52002PC0666&amp;qid=1551768879086&amp;from=EL</subfield>
  </datafield>
 </record>
</collection>
